LDR 00885naa#a2200193#i#450# 001 EN\INFRA-M\bibl\99424 005 20260428202032.2 011 ## _a2500-3305 100 ## _a20250830b2025####ek#y0engy0150####ca 102 ## _aRU 200 1# _aThe implementation of the TRP complex is a necessary condition for the self–development of a modern student's personality. _eJournal article 210 1# _aMoscow _cINFRA-M Academic Publishing LLC. _d2025 215 ## _a4 с. 608 ## _aJournal article _2local 675 ## _aНародное образование. Воспитание. Обучение. Организация досуга. 37 _aВысшее образование. Высшая школа. Подготовка научных кадров. 378 _z 700 #1 _aAbdrashitov _gRuslan Ishbulatovich 700 #1 _aBitsheva _gIrina Gennadievna 700 #1 _aYusupov _gBulat Damirovich 856 4# _azh-szf.ru _u